000 00762nam a2200229Ii 4500
003 JO-AjNU
008 230605s9999||||xx |||||||||||||| ||und||
017 _a1605
020 _a977-326-212-6
040 _aJO-AjNU
_bara
_erda
_cJO-AjNU
041 _aara
050 1 4 _aHD2123.2011
100 3 _aعوض،عادل يوسف/محمد مدحت مصطفى/فاطمة محمد عبدالله,
_eauthor
_932257
245 0 0 _aالاقتصاد الزراعي
250 _aط1
264 3 1 _aالاسكندرية:مؤسسة رؤية للطباعة والنشر والتوزيع،2011
300 _a264ص
336 _atext
_btxt
_2rdacontent
337 _aunmediated
_bn
_2rdamedia
338 _avolume
_bnc
_2rdacarrier
650 4 _aاقتصاد زراعي
_932258
999 _aA13000
_c16568
_d16568